Hecke algebras
Αποθηκεύτηκε σε:
| Κύριος συγγραφέας: | |
|---|---|
| Μορφή: | Βιβλίο |
| Γλώσσα: | English |
| Δημοσίευση: |
Providence, R.I., USA :
American Mathematical Society,
c1990
|
| Σειρά: | Memoirs of the American Mathematical Society ;
; 435 |
| Θέματα: | |
| Ετικέτες: |
Προσθήκη ετικέτας
Δεν υπάρχουν, Καταχωρήστε ετικέτα πρώτοι!
|
MARC
| LEADER | 00000cam a2200000 i 4500 | ||
|---|---|---|---|
| 001 | 1/51193 | ||
| 008 | 941103s1990 eng d | ||
| 020 | |a 082182497X | ||
| 035 | |l 10044077 | ||
| 035 | |a 1993 | ||
| 040 | |a GR-MY-UA |b gre |e aacr | ||
| 041 | 0 | |a eng | |
| 082 | 0 | |a 512.2 | |
| 100 | 1 | |a Krieg, Aloys |d 1955- | |
| 245 | 1 | 0 | |a Hecke algebras / |c Aloys Krieg |
| 260 | |a Providence, R.I., USA : |b American Mathematical Society, |c c1990 | ||
| 300 | |a ix, 158 p.; |c 25 cm | ||
| 490 | 1 | |a Memoirs of the American Mathematical Society |v ; 435 | |
| 500 | |a "September 1990, volume 87, number 435 (end of volume)." | ||
| 504 | |a Includes bibliographical references (p. 154-158) | ||
| 650 | 0 | 0 | |a Hecke algebras. |
| 830 | 0 | |a Memoirs of the American Mathematical Society ; |v ; 435 | |
| 852 | |a INST |b SAMOS |e 19941103 |h 512.2 KRI |p 005300002460 |q 005300002460 |t BK |y 0 | ||
| 909 | |a Σ |b 030177 | ||